Statistics for Musical Acts by Letter - B

Click here to take the quiz!

General Stats

  • This quiz has been taken 30,657 times
    (7,603 since last reset)
  • The average score is 17 of 24

Answer Stats

Years Active Country Songs Band or Artist % Correct
2003 -Single Ladies (Put a Ring on It) | FormationBeyoncé Knowles
95%
1999 -...Baby One More Time | ToxicBritney Spears
93%
1984 -Livin' on a Prayer | Bad MedicineBon Jovi
90%
1963 - 1970All You Need is Love | A Hard Day's NightThe Beatles
87%
1965 - 1981No Woman, No Cry | One LoveBob Marley and the Wailers
87%
1965 - 2012Stayin' Alive | How Deep is Your LoveBee Gees
86%
1973 -Born in the U.S.A. | The RiverBruce Springsteen
85%
2010 -24k Magic | Just the Way You AreBruno Mars
83%
1962 -California Girls | Good VibrationsThe Beach Boys
79%
1998 -My Humps | Boom Boom PowBlack Eyed Peas
78%
1971 -Piano Man | She's Always a WomanBilly Joel
77%
1980 -Cuts Like a Knife | Summer of '69Bryan Adams
72%
2019 -Bad Guy | Wish You Were GayBillie Eilish
69%
1962 -Blowin' in the Wind | Like a Rolling StoneBob Dylan
66%
1976 -Heart of Glass | One Way or AnotherBlondie
66%
1984 -Walk Like an Egyptian | Eternal FlameThe Bangles
66%
1982 -White Wedding | Dancing with MyselfBilly Idol
63%
1979 -Love Shack | Rock LobsterThe B-52's
62%
1970 - 2017Paranoid | Iron ManBlack Sabbath
61%
1972 -(Don't Fear) The Reaper | Burnin' For YouBlue Ă–yster Cult
47%
1986 - 2012Brass Monkey | SabotageBeastie Boys
46%
1956 - 1959That'll Be the Day | Peggy SueBuddy Holly
46%
1972 -Wind Beneath My Wings | The RoseBette Midler
45%
1993 -Loser | Devil's HaircutBeck
45%

Score Distribution

Percentile by Number Answered

Percent of People with Each Score

Your Score History

You have not taken this quiz since the last reset